<?xml version="1.0" encoding="UTF-8"?>
<record
    xmlns:xsi="http://www.w3.org/2001/XMLSchema-instance"
    xsi:schemaLocation="http://www.loc.gov/MARC21/slim http://www.loc.gov/standards/marcxml/schema/MARC21slim.xsd"
    xmlns="http://www.loc.gov/MARC21/slim">

  <leader>02461nam a22003137a 4500</leader>
  <controlfield tag="001">9008</controlfield>
  <controlfield tag="003">FISKH</controlfield>
  <controlfield tag="005">20251113161823.0</controlfield>
  <controlfield tag="008">251113b        cb ||||| |||| 00| 0 eng d</controlfield>
  <datafield tag="020" ind1=" " ind2=" ">
    <subfield code="a">9789996346187</subfield>
  </datafield>
  <datafield tag="040" ind1=" " ind2=" ">
    <subfield code="a">FISKH</subfield>
    <subfield code="b">khr</subfield>
    <subfield code="c">FISKH</subfield>
    <subfield code="d">FISKH</subfield>
  </datafield>
  <datafield tag="050" ind1=" " ind2=" ">
    <subfield code="a">PZ7</subfield>
  </datafield>
  <datafield tag="082" ind1=" " ind2=" ">
    <subfield code="a">823</subfield>
  </datafield>
  <datafield tag="100" ind1=" " ind2=" ">
    <subfield code="a">Fines, Soeun</subfield>
  </datafield>
  <datafield tag="245" ind1=" " ind2=" ">
    <subfield code="a">&#x1780;&#x17BC;&#x1793;&#x1794;&#x1784;&#x17D2;&#x1780;&#x17BD;&#x1799;&#x1780;&#x17BC;&#x178A;&#x17BC;&#x1798;&#x17BC; /</subfield>
    <subfield code="c">&#x1793;&#x17B7;&#x1796;&#x1793;&#x17D2;&#x1792;&#x178A;&#x17C4;&#x1799;&#x179B;&#x17C4;&#x1780; &#x179F;&#x17BB;&#x17BA;&#x1793; &#x17A0;&#x17D2;&#x179C;&#x17B8;&#x178E;&#x17C2;&#x179F;&#x17D2;&#x179C; , &#x1796;&#x17B7;&#x1793;&#x17B7;&#x178F;&#x17D2;&#x1799;&#x17A2;&#x1780;&#x17D2;&#x1781;&#x179A;&#x17B6;&#x179C;&#x17B7;&#x179A;&#x17BB;&#x1791;&#x17D2;&#x1792; &#x17A2;&#x17D2;&#x1793;&#x1780;&#x179F;&#x17D2;&#x179A;&#x17B8; &#x1782;&#x17B9;&#x1798;&#x179F;&#x17CA;&#x17BB;&#x1793; &#x179F;&#x17BB;&#x1792;&#x17B6;&#x179A;&#x17B8; , &#x179B;&#x17C4;&#x1780; &#x1792;&#x17B8; &#x1785;&#x17B6;&#x1793;&#x17CB;&#x1790;&#x1793; , &#x17A2;&#x17D2;&#x1793;&#x1780;&#x1793;&#x17B6;&#x1784; &#x179C;&#x17C9;&#x17B6;&#x178F; &#x1785;&#x179A;&#x17B7;&#x1799;&#x17B6; &#x1793;&#x17B7;&#x1784; &#x1780;&#x1789;&#x17D2;&#x1789;&#x17B6; &#x179C;&#x17BB;&#x17B7;&#x1785; &#x179C;&#x178C;&#x17D2;&#x178D;&#x1793;&#x17B6;&#x200B;</subfield>
  </datafield>
  <datafield tag="260" ind1=" " ind2=" ">
    <subfield code="a">Phnom Penh :</subfield>
    <subfield code="b">Reading Books , </subfield>
    <subfield code="c">2014.</subfield>
  </datafield>
  <datafield tag="300" ind1=" " ind2=" ">
    <subfield code="a">20 pages : </subfield>
    <subfield code="b">color illustrations ; </subfield>
    <subfield code="c">25 cm . </subfield>
  </datafield>
  <datafield tag="490" ind1=" " ind2=" ">
    <subfield code="a">&#x1796;&#x17B7;&#x1797;&#x1796;&#x179A;&#x17BF;&#x1784;&#x1793;&#x17B7;&#x1791;&#x17B6;&#x1793;</subfield>
  </datafield>
  <datafield tag="505" ind1=" " ind2=" ">
    <subfield code="a">K 
</subfield>
  </datafield>
  <datafield tag="520" ind1=" " ind2=" ">
    <subfield code="a">&#x1780;&#x17BC;&#x178A;&#x17BC;&#x1798;&#x17BC; &#x1782;&#x17BA;&#x1787;&#x17B6;&#x1788;&#x17D2;&#x1798;&#x17C4;&#x17C7;&#x1780;&#x17BC;&#x1793;&#x1794;&#x1784;&#x17D2;&#x1780;&#x17BD;&#x1799;&#x178A;&#x17C2;&#x179B;&#x1796;&#x17D2;&#x179A;&#x17B6;&#x178F;&#x17CB;&#x1794;&#x17D2;&#x179A;&#x17B6;&#x179F;&#x1796;&#x17B8;&#x17B3;&#x1796;&#x17BB;&#x1780;&#x1798;&#x17D2;&#x178F;&#x17B6;&#x1799;&#x178A;&#x17C4;&#x1799;&#x179F;&#x17B6;&#x179A;&#x1798;&#x17C1;&#x1792;&#x17D2;&#x1798;&#x1794;&#x17CB;&#x1785;&#x17B6;&#x179C;&#x17C9;&#x17B6;&#x1785;&#x17B6;&#x1794;&#x17CB;&#x1791;&#x17C5;&#x17A0;&#x17BE;&#x1799;&#x1787;&#x1794;&#x17CB;&#x17A2;&#x17C4;&#x1799;&#x1781;&#x17D2;&#x179B;&#x17B6;&#x1785;&#x1791;&#x17C5;&#x1787;&#x17B6;&#x17A2;&#x17B6;&#x1785;&#x1798;&#x17CF;&#x1782;&#x17C4; &#x17D4; &#x178F;&#x17C2;&#x178A;&#x17BE;&#x1798;&#x17D2;&#x1794;&#x17B8;&#x179F;&#x17D2;&#x179C;&#x17C2;&#x1784;&#x179A;&#x1780;&#x17B3;&#x1796;&#x17BB;&#x1780;&#x1798;&#x17D2;&#x178F;&#x17B6;&#x1799;&#x17A0;&#x17CA;&#x17B6;&#x1793;&#x1791;&#x17C5;&#x179C;&#x17B7;&#x1798;&#x17B6;&#x1793;&#x1799;&#x17B6;&#x1799;&#x1792;&#x17D2;&#x1798;&#x1794;&#x17CB;&#x1787;&#x17B6;&#x1798;&#x17BD;&#x1799;&#x1798;&#x17B7;&#x178F;&#x17D2;&#x178F;&#x17A2;&#x178E;&#x17D2;&#x178F;&#x17BE;&#x1780; &#x1793;&#x17B7;&#x1784; &#x1780;&#x17D2;&#x178F;&#x17B6;&#x1793;&#x17CB;&#x178A;&#x17C2;&#x179B;&#x1787;&#x17B6;&#x1780;&#x1793;&#x17D2;&#x179B;&#x17C2;&#x1784;&#x178A;&#x17C2;&#x179B;&#x1782;&#x17D2;&#x1798;&#x17B6;&#x1793;&#x17A2;&#x17D2;&#x1793;&#x1780;&#x17A0;&#x17CA;&#x17B6;&#x1793;&#x1791;&#x17C5;&#x178A;&#x179B;&#x17CB; &#x17D4; &#x178A;&#x17C4;&#x1799;&#x179F;&#x17B6;&#x179A;&#x178F;&#x17C2;&#x1797;&#x17B6;&#x1796;&#x1780;&#x17D2;&#x179B;&#x17B6;&#x17A0;&#x17B6;&#x1793;&#x1793;&#x17C1;&#x17C7;&#x1791;&#x17BE;&#x1794;&#x1792;&#x17D2;&#x179C;&#x17BE;&#x17A2;&#x17C4;&#x1799;&#x179C;&#x17B6;&#x1794;&#x17B6;&#x1793;&#x1787;&#x17BD;&#x1794;&#x1787;&#x17B6;&#x1798;&#x17BD;&#x1799;&#x17B3;&#x1796;&#x17BB;&#x1780;&#x1798;&#x17D2;&#x178F;&#x17B6;&#x1799;&#x179C;&#x17B6;&#x179C;&#x17B7;&#x1789; &#x17D4; </subfield>
  </datafield>
  <datafield tag="520" ind1=" " ind2=" ">
    <subfield code="a">Kodomo was the name of alizard who was separated from his parents after being captured and cursed by the evil witch Java, who turned him into cow poo. 
Determined to find his parents, Kodomo bravely set out with his friends &#x2014; a turtle and a rabbit &#x2014; to the witch&#x2019;s castle, a place no one had ever dared to go.
Because of his courage, Kodomo was finally reunited with his parents.</subfield>
  </datafield>
  <datafield tag="521" ind1="8" ind2=" ">
    <subfield code="a">520 
</subfield>
    <subfield code="b">Lexile estimate 
</subfield>
  </datafield>
  <datafield tag="521" ind1="8" ind2=" ">
    <subfield code="a">K 
</subfield>
    <subfield code="b">Raz-Plus 
</subfield>
  </datafield>
  <datafield tag="650" ind1=" " ind2=" ">
    <subfield code="a">&#x1780;&#x17BC;&#x1793;&#x1794;&#x1784;&#x17D2;&#x1780;&#x17BD;&#x1799;&#x1780;&#x17BC;&#x178A;&#x17BC;&#x1798;&#x17BC;</subfield>
    <subfield code="v">&#x179A;&#x17BF;&#x1784;&#x1793;&#x17B7;&#x1791;&#x17B6;&#x1793;&#x1780;&#x17BB;&#x1798;&#x17B6;&#x179A;</subfield>
  </datafield>
  <datafield tag="650" ind1=" " ind2=" ">
    <subfield code="a">Kodomo the lizard </subfield>
    <subfield code="v">Children's Stories </subfield>
  </datafield>
  <datafield tag="700" ind1=" " ind2=" ">
    <subfield code="a">Saren, Koam </subfield>
    <subfield code="e">Illustrator </subfield>
  </datafield>
  <datafield tag="942" ind1=" " ind2=" ">
    <subfield code="2">ddc</subfield>
    <subfield code="c">KHB</subfield>
    <subfield code="n">0</subfield>
  </datafield>
  <datafield tag="999" ind1=" " ind2=" ">
    <subfield code="c">9008</subfield>
    <subfield code="d">9008</subfield>
  </datafield>
  <datafield tag="952" ind1=" " ind2=" ">
    <subfield code="0">0</subfield>
    <subfield code="1">0</subfield>
    <subfield code="2">ddc</subfield>
    <subfield code="4">0</subfield>
    <subfield code="7">0</subfield>
    <subfield code="8">KH</subfield>
    <subfield code="a">002</subfield>
    <subfield code="b">002</subfield>
    <subfield code="c">TTP Khmer</subfield>
    <subfield code="d">2025-11-13</subfield>
    <subfield code="l">0</subfield>
    <subfield code="o">FIN PZ7 823</subfield>
    <subfield code="p">FISBK03816</subfield>
    <subfield code="r">2025-11-13 16:18:10</subfield>
    <subfield code="t">1</subfield>
    <subfield code="w">2025-11-13</subfield>
    <subfield code="y">KHB</subfield>
  </datafield>
  <datafield tag="952" ind1=" " ind2=" ">
    <subfield code="0">0</subfield>
    <subfield code="1">0</subfield>
    <subfield code="2">ddc</subfield>
    <subfield code="4">0</subfield>
    <subfield code="7">0</subfield>
    <subfield code="8">KH</subfield>
    <subfield code="a">002</subfield>
    <subfield code="b">002</subfield>
    <subfield code="c">TTP Khmer</subfield>
    <subfield code="d">2025-11-13</subfield>
    <subfield code="l">0</subfield>
    <subfield code="o">FIN PZ7 823</subfield>
    <subfield code="p">FISBK03681</subfield>
    <subfield code="r">2025-11-13 16:18:20</subfield>
    <subfield code="t">2</subfield>
    <subfield code="w">2025-11-13</subfield>
    <subfield code="y">KHB</subfield>
  </datafield>
</record>
